| 000 -LEADER |
| fixed length control field |
00694nam a2200241 a 4500 |
| 001 - CONTROL NUMBER |
| control field |
3608 |
| 003 - CONTROL NUMBER IDENTIFIER |
| control field |
BD-DhUAP |
| 005 - DATE AND TIME OF LATEST TRANSACTION |
| control field |
20210128153932.0 |
| 008 - FIXED-LENGTH DATA ELEMENTS--GENERAL INFORMATION |
| fixed length control field |
191105s2007 ii a 001 0 eng |
| 040 ## - CATALOGING SOURCE |
| Original cataloging agency |
DLC |
| Transcribing agency |
DLC |
| Modifying agency |
DLC |
| -- |
BD-DhUAP |
| 082 ## - DEWEY DECIMAL CLASSIFICATION NUMBER |
| Edition number |
23 |
| Classification number |
543.5 SHA |
| 100 ## - MAIN ENTRY--PERSONAL NAME |
| Personal name |
Sharma, B. K. |
| 245 00 - TITLE STATEMENT |
| Title |
Spectroscopy / |
| Statement of responsibility, etc. |
B. K. Sharma. |
| 250 ## - EDITION STATEMENT |
| Edition statement |
14th ed. |
| 260 ## - PUBLICATION, DISTRIBUTION, ETC. |
| Place of publication, distribution, etc. |
Meerut : |
| Name of publisher, distributor, etc. |
Krishna prakashan media, |
| Date of publication, distribution, etc. |
c2000. |
| 300 ## - PHYSICAL DESCRIPTION |
| Extent |
600 pages : |
| Other physical details |
illustrations ; |
| Dimensions |
26 cm. |
| 500 ## - GENERAL NOTE |
| General note |
Includes Index. |
| 526 ## - STUDY PROGRAM INFORMATION NOTE |
| Program name |
PHR |
| 650 #0 - SUBJECT ADDED ENTRY--TOPICAL TERM |
| Topical term or geographic name entry element |
Spectrum analysis |
| Form subdivision |
Textbooks. |
| 9 (RLIN) |
21832 |
| 650 #0 - SUBJECT ADDED ENTRY--TOPICAL TERM |
| Topical term or geographic name entry element |
Organic compounds |
| General subdivision |
Analysis |
| Form subdivision |
Textbooks. |
| 9 (RLIN) |
21833 |
| 942 ## - ADDED ENTRY ELEMENTS (KOHA) |
| Source of classification or shelving scheme |
|
| Koha item type |
Book |